مكتبة جامعة عجلون الوطنية

فهرس بحث المكتبة

Normal view MARC view
  • الإرهاب- الجرائم- القانون الجنائي

Entry Topical Term

Number of records used in: 1

001 - CONTROL NUMBER

  • control field: 59185

003 - CONTROL NUMBER IDENTIFIER

  • control field: JO-AjAnu

005 - DATE AND TIME OF LATEST TRANSACTION

  • control field: 20230606083700.0

008 - FIXED-LENGTH DATA ELEMENTS

  • fixed length control field: 230606|| aca||aabn | a|a d

040 ## - CATALOGING SOURCE

  • Original cataloging agency: JO-AjAnu
  • Transcribing agency: JO-AjAnu

150 ## - HEADING--TOPICAL TERM

  • Topical term or geographic name entry element: الإرهاب- الجرائم- القانون الجنائي

670 ## - SOURCE DATA FOUND

  • Source citation: Work cat.: (JO-AjAnu)30188: الجالودي، حسام عبد الكريم, author 59184, المواجهة القانونية والأمنية للإرهاب